Actors who worked with George Miller - Statistics

General Stats
  • This quiz has been taken 7 times
  • The average score is 11 of 81
Answer Stats
Film(s) Answer % Correct
Mad Max: Fury Road Charlize Theron
100%
Mad Max, Mad Max 2, Mad Max Beyond Thunderdome Mel Gibson
100%
The Witches of Eastwick Jack Nicholson
83%
The Witches of Eastwick Michelle Pfeiffer
83%
The Witches of Eastwick, Lorenzo's Oil Susan Sarandon
83%
Mad Max Beyond Thunderdome Tina Turner
83%
The Witches of Eastwick Cher
67%
Mad Max: Fury Road Nicholas Hoult
67%
Mad Max: Fury Road Tom Hardy
67%
Furiosa: A Mad Max Saga Anya Taylor-Joy
50%
Furiosa: A Mad Max Saga Chris Hemsworth
50%
Happy Feet Nicole Kidman
50%
Babe: Pig in the City James Cromwell
33%
Mad Max: Fury Road, Furiosa: A Mad Max Saga Nathan Jones
33%
Happy Feet, Happy Feet Two Robin Williams
33%
Happy Feet Brittany Murphy
17%
Happy Feet, Happy Feet Two Elijah Wood
17%
Happy Feet Fat Joe
17%
Happy Feet Hugh Jackman
17%
Three Thousand Years of Longing Idris Elba
17%
Babe: Pig in the City, Happy Feet, Happy Feet Two Magda Szubanski
17%
Lorenzo's Oil Nick Nolte
17%
Mad Max: Fury Road Zoë Kravitz
17%
Twilight Zone: The Movie Abbe Lane
0%
Mad Max: Fury Road Abbey Lee
0%
Mad Max Beyond Thunderdome Adam Cockburn
0%
Babe: Pig in the City Adam Goldberg
0%
Mad Max Beyond Thunderdome Angelo Rossitto
0%
Furiosa: A Mad Max Saga Angus Sampson
0%
Happy Feet, Happy Feet Two Anthony LaPaglia
0%
Happy Feet Two Brad Pitt
0%
Mad Max 2, Mad Max Beyond Thunderdome Bruce Spence
0%
The Witches of Eastwick Carel Struycken
0%
Furiosa: A Mad Max Saga Charlee Fraser
0%
Happy Feet Two Common
0%
Mad Max: Fury Road Courtney Eaton
0%
Happy Feet Dee Bradley Baker
0%
Twilight Zone: The Movie Donna Dixon
0%
Babe: Pig in the City E. G. Daily
0%
Furiosa: A Mad Max Saga Elsa Pataky
0%
Mad Max 2 Emil Minty
0%
Lorenzo's Oil Gerry Bamman
0%
Happy Feet Two Hank Azaria
0%
Mad Max, Mad Max: Fury Road Hugh Keays-Byrne
0%
Babe: Pig in the City, Happy Feet, Happy Feet Two Hugo Weaving
0%
Furiosa: A Mad Max Saga Jacob Tomuri
0%
Babe: Pig in the City Jim Cummings
0%
Mad Max Joanne Samuel
0%
Mad Max: Fury Road, Furiosa: A Mad Max Saga John Howard
0%
Twilight Zone: The Movie John Lithgow
0%
Mad Max: Fury Road, Furiosa: A Mad Max Saga Josh Helman
0%
Lorenzo's Oil Kathleen Wilhoite
0%
Mad Max 2 Kjell Nilsson
0%
Furiosa: A Mad Max Saga Lachy Hulme
0%
Lorenzo's Oil Laura Linney
0%
Babe: Pig in the City Mary Stein
0%
Happy Feet Two Matt Damon
0%
Mad Max 2 Max Phipps
0%
Mad Max: Fury Road, Three Thousand Years of Longing Megan Gale
0%
Mad Max: Fury Road, Three Thousand Years of Longing Melissa Jaffer
0%
Babe: Pig in the City Mickey Rooney
0%
Mad Max 2 Mike Preston
0%
Babe: Pig in the City Miriam Margolyes
0%
Babe: Pig in the City Nathan Kress
0%
Babe: Pig in the City Paul Livingston
0%
Lorenzo's Oil Peter Ustinov
0%
Happy Feet Two P!nk
0%
Babe: Pig in the City, Happy Feet Two, Mad Max: Fury Road Richard Carter
0%
Mad Max: Fury Road Riley Keough
0%
Mad Max Roger Ward
0%
Mad Max: Fury Road Rosie Huntington-Whiteley
0%
Three Thousand Years of Longing Sarah Houbolt
0%
Happy Feet Two Sofia Vergara
0%
Mad Max Steve Bisley
0%
Happy Feet Steve Irwin
0%
Babe: Pig in the City Steven Wright
0%
Three Thousand Years of Longing Tilda Swinton
0%
Furiosa: A Mad Max Saga Tom Burke
0%
The Witches of Eastwick Veronica Cartwright
0%
Mad Max 2 Virginia Hey
0%
Lorenzo's Oil Zack O'Malley Greenburg
0%
No matching quizzes found
Score Distribution
Percent of People with Each Score
Percentile by Number Answered
Your Score History
You have not taken this quiz